| 000 | 00875nas a2200301 4500 | ||
|---|---|---|---|
| 001 | BR9904433 | ||
| 003 | BR-BrBNA | ||
| 005 | 20231205101543.0 | ||
| 007 | ta | ||
| 008 | 230509b bl.|||p| |||| 00| 00por d | ||
| 040 |
_aBR-BrBNA _bpor _cBiblioteca Nacional de Agricultura |
||
| 041 | _a(Pt) | ||
| 072 | _aL02; Q54 | ||
| 100 | 1 | _aRocha Filho, R.R. | |
| 100 | 1 | _aMachado, P.F. | |
| 100 | 1 | _aD'Arce, R.D. | |
| 100 | 1 | _aFrancisco Junior, J.C. | |
| 245 | 1 | _aPolpa de citros e de milho e a producao de acidos graxos volateis no rumen | |
| 650 | _aVaca Leiteira | ||
| 650 | _aMilho | ||
| 650 | _aPolpa | ||
| 650 | _aPolpa de Fruta | ||
| 650 | _aAcido Graxo Volatil | ||
| 650 | _aRumen | ||
| 773 | 0 |
_tScientia Agricola (Brazil) _xISSN 0103-9016 _g(Apr-Jun 1999), v. 56(2) p. 471-477 _wBR9904433 |
|
| 909 |
_a202311 _bLúcia _c55 _dLúcia Elande |
||
| 942 |
_2AGRIS _n0 _cANA |
||
| 999 |
_c162490 _d162490 |
||